Online Catalogue and eLibrary

The outsider / (Record no. 5924)

MARC details
000 -LEADER
fixed length control field 00413cam a2200181 a 4500
001 - CONTROL NUMBER
control field 2121239
005 - DATE AND TIME OF LATEST TRANSACTION
control field 20241003013226.0
008 - FIXED-LENGTH DATA ELEMENTS--GENERAL INFORMATION
fixed length control field 960321s1995 ce 000 1 eng
020 ## - INTERNATIONAL STANDARD BOOK NUMBER
ISBN 9559318004
040 ## - CATALOGING SOURCE (பட்டியலாக்க மூலம்)
Original cataloging agency DLC
Transcribing agency DLC
082 00 - DDC Classification
Class No. 820
DDC Edition Number 20
100 1# - MAIN ENTRY--PERSONAL NAME
Personal name Arasanayagam, Jean.
245 14 - TITLE STATEMENT
Title The outsider /
260 ## - PUBLICATION, DISTRIBUTION, ETC.
Place of publication, distribution, etc. Colombo :
Name of publisher, distributor, etc. Voice of Women,
Date of publication, distribution, etc. 1995
300 ## - PHYSICAL DESCRIPTION
Extent (e.g. Volumes, Pages etc.) 179 p. ;
500 ## - GENERAL NOTE
General note Novel.
942 ## - Koha item type (Biblio)
Koha item type Books in Stacks (Lending)
Holdings
Lost status Damaged status Collection code Home library Current library Date acquired Full call number Accession Number Item type
    Lending WERC Library WERC Library 10/03/2024 820 5037 Books in Stacks (Lending)

© WERC Library